[Event "NK21_Hoogeveen Open"]
[Site "Hoogeveen, Netherlands"]
[Date "2021.10.19"]
[Round "5.6"]
[White "Binnendijk, Ferdinand"]
[Black "Hoffman, Ron"]
[Result "1/2-1/2"]
[WhiteElo "2142"]
[BlackElo "1977"]

1. d4 {[%clk 01:30:57]} {[%emt 00:00:02]} Nf6 {[%clk 01:30:27]} {[%emt
00:00:33]} 2. c4 {[%clk 01:31:19]} {[%emt 00:00:08]} g6 {[%clk 01:30:52]}
{[%emt 00:00:05]} 3. g3 {[%clk 01:31:36]} {[%emt 00:00:14]} Bg7 {[%clk
01:31:15]} {[%emt 00:00:06]} 4. Bg2 {[%clk 01:32:00]} {[%emt 00:00:06]} O-O
{[%clk 01:31:35]} {[%emt 00:00:09]} 5. Nc3 {[%clk 01:32:16]} {[%emt 00:00:16]}
d6 {[%clk 01:31:58]} {[%emt 00:00:07]} 6. Nf3 {[%clk 01:32:04]} {[%emt
00:00:43]} Nc6 {[%clk 01:31:41]} {[%emt 00:00:47]} 7. O-O {[%clk 01:28:06]}
{[%emt 00:04:27]} e5 {[%clk 01:31:07]} {[%emt 00:01:03]} 8. d5 {[%clk
01:28:29]} {[%emt 00:00:08]} Nb8 {[%clk 01:31:31]} {[%emt 00:00:06]} 9. Ne1
{[%clk 01:14:28]} {[%emt 00:14:31]} a5 {[%clk 01:26:13]} {[%emt 00:05:48]} 10.
Rb1 {[%clk 01:12:18]} {[%emt 00:02:41]} Nh5 {[%clk 01:13:41]} {[%emt 00:13:01]}
11. e4 {[%clk 01:03:04]} {[%emt 00:09:44]} Qe8 {[%clk 01:09:27]} {[%emt
00:04:45]} 12. Nd3 {[%clk 00:57:08]} {[%emt 00:06:26]} f5 {[%clk 01:05:17]}
{[%emt 00:04:39]} 13. f4 {[%clk 00:52:47]} {[%emt 00:04:52]} exf4 {[%clk
00:59:58]} {[%emt 00:05:49]} 14. Nxf4 {[%clk 00:52:12]} {[%emt 00:01:05]} Nxf4
{[%clk 00:59:29]} {[%emt 00:00:58]} 15. Bxf4 {[%clk 00:52:35]} {[%emt
00:00:08]} Na6 {[%clk 00:57:06]} {[%emt 00:02:53]} 16. Qd2 {[%clk 00:51:07]}
{[%emt 00:01:59]} Bd7 {[%clk 00:52:43]} {[%emt 00:04:53]} 17. Rbe1 {[%clk
00:49:15]} {[%emt 00:02:22]} Qd8 {[%clk 00:42:08]} {[%emt 00:11:04]} 18. Bg5
{[%clk 00:40:44]} {[%emt 00:09:01]} Bf6 {[%clk 00:39:19]} {[%emt 00:03:18]} 19.
Bh6 {[%clk 00:41:05]} {[%emt 00:00:10]} Bg7 {[%clk 00:30:06]} {[%emt 00:09:42]}
20. Bxg7 {[%clk 00:36:26]} {[%emt 00:05:10]} Kxg7 {[%clk 00:30:21]} {[%emt
00:00:15]} 21. Bh3 {[%clk 00:36:46]} {[%emt 00:00:11]} Qf6 {[%clk 00:21:07]}
{[%emt 00:09:43]} 22. exf5 {[%clk 00:35:06]} {[%emt 00:02:10]} gxf5 {[%clk
00:17:36]} {[%emt 00:04:00]} 23. Ne4 {[%clk 00:29:44]} {[%emt 00:05:54]} Qg6
{[%clk 00:13:03]} {[%emt 00:05:02]} 24. Ng5 {[%clk 00:26:45]} {[%emt 00:03:30]}
Rae8 {[%clk 00:11:55]} {[%emt 00:01:38]} 25. Qf4 {[%clk 00:19:30]} {[%emt
00:07:45]} Nc5 {[%clk 00:11:00]} {[%emt 00:01:25]} 26. Qd4+ {[%clk 00:13:43]}
{[%emt 00:06:17]} Kg8 {[%clk 00:04:18]} {[%emt 00:07:11]} 27. Nf3 {[%clk
00:09:40]} {[%emt 00:04:33]} Re4 {[%clk 00:03:32]} {[%emt 00:01:16]} 28. Rxe4
{[%clk 00:09:19]} {[%emt 00:00:51]} fxe4 {[%clk 00:02:58]} {[%emt 00:01:05]} 29.
Bxd7 {[%clk 00:07:21]} {[%emt 00:02:28]} Rxf3 {[%clk 00:01:55]} {[%emt
00:01:33]} 30. Rxf3 {[%clk 00:07:18]} {[%emt 00:00:33]} exf3 {[%clk 00:02:24]}
{[%emt 00:00:01]} 31. Qg4 {[%clk 00:04:14]} {[%emt 00:03:33]} Nxd7 {[%clk
00:00:45]} {[%emt 00:02:10]} 32. Qxd7 {[%clk 00:04:38]} {[%emt 00:00:06]} Qb1+
{[%clk 00:00:52]} {[%emt 00:00:23]} 33. Kf2 {[%clk 00:05:00]} {[%emt 00:00:08]}
Qxb2+ {[%clk 00:01:18]} {[%emt 00:00:05]} 34. Kxf3 {[%clk 00:05:24]} {[%emt
00:00:06]} Qc3+ {[%clk 00:01:23]} {[%emt 00:00:26]} 35. Kg2 {[%clk 00:04:32]}
{[%emt 00:01:21]} Qxc4 {[%clk 00:01:10]} {[%emt 00:00:42]} 36. Qd8+ {[%clk
00:02:44]} {[%emt 00:02:18]} Kg7 {[%clk 00:01:19]} {[%emt 00:00:21]} 37. Qg5+
{[%clk 00:03:08]} {[%emt 00:00:06]} Kf7 {[%clk 00:01:21]} {[%emt 00:00:28]} 38.
Qf5+ {[%clk 00:03:32]} {[%emt 00:00:07]} Kg7 {[%clk 00:01:41]} {[%emt
00:00:09]} 39. Qg5+ {[%clk 00:03:31]} {[%emt 00:00:32]} Kf7 {[%clk 00:02:02]}
{[%emt 00:00:08]} 40. Qf5+ {[%clk 00:03:55]} {[%emt 00:00:07]} Kg7 {[%clk
00:01:54]} {[%emt 00:00:38]} 41. Qg5+ {[%emt 00:00:11]} 1/2-1/2

[Event "NK21_Hoogeveen Open"]
[Site "Hoogeveen, Netherlands"]
[Date "2021.10.19"]
[Round "5.7"]
[White "Arabi, Osama"]
[Black "Konings, Frans"]
[Result "1-0"]
[WhiteElo "1940"]
[BlackElo "2132"]

1. d4 {[%clk 01:30:53]} {[%emt 00:00:06]} e6 {[%clk 01:30:38]} {[%emt
00:00:22]} 2. c4 {[%clk 01:30:44]} {[%emt 00:00:39]} f5 {[%clk 01:31:01]}
{[%emt 00:00:07]} 3. g3 {[%clk 01:29:25]} {[%emt 00:01:50]} Nf6 {[%clk
01:31:01]} {[%emt 00:00:30]} 4. Bg2 {[%clk 01:29:35]} {[%emt 00:00:19]} c6
{[%clk 01:31:15]} {[%emt 00:00:16]} 5. Nc3 {[%clk 01:26:33]} {[%emt 00:03:32]}
d5 {[%clk 01:31:41]} {[%emt 00:00:05]} 6. Nf3 {[%clk 01:26:47]} {[%emt
00:00:15]} Bd6 {[%clk 01:31:51]} {[%emt 00:00:20]} 7. Bf4 {[%clk 01:26:29]}
{[%emt 00:00:48]} Bxf4 {[%clk 01:29:17]} {[%emt 00:03:04]} 8. gxf4 {[%clk
01:26:48]} {[%emt 00:00:11]} O-O {[%clk 01:28:10]} {[%emt 00:01:37]} 9. Qc2
{[%clk 01:17:31]} {[%emt 00:09:47]} Ne4 {[%clk 01:28:31]} {[%emt 00:00:09]} 10.
e3 {[%clk 01:16:48]} {[%emt 00:01:12]} Nd7 {[%clk 01:22:58]} {[%emt 00:06:03]}
11. Nxe4 {[%clk 01:14:46]} {[%emt 00:02:32]} fxe4 {[%clk 01:21:54]} {[%emt
00:01:34]} 12. Ng5 {[%clk 01:03:14]} {[%emt 00:12:02]} Qa5+ {[%clk 01:18:41]}
{[%emt 00:03:44]} 13. Qd2 {[%clk 00:56:59]} {[%emt 00:06:43]} Qxd2+ {[%clk
01:17:56]} {[%emt 00:01:15]} 14. Kxd2 {[%clk 00:57:21]} {[%emt 00:00:09]} Nb6
{[%clk 01:18:14]} {[%emt 00:00:12]} 15. c5 {[%clk 00:57:30]} {[%emt 00:00:21]}
h6 {[%clk 01:17:53]} {[%emt 00:00:50]} 16. Nxe4 {[%clk 00:57:03]} {[%emt
00:00:57]} Nc4+ {[%clk 00:59:50]} {[%emt 00:18:33]} 17. Kc3 {[%clk 00:57:25]}
{[%emt 00:00:09]} e5 {[%clk 00:59:50]} {[%emt 00:00:30]} 18. dxe5 {[%clk
00:53:07]} {[%emt 00:04:48]} Nxe5 {[%clk 00:58:39]} {[%emt 00:01:41]} 19. fxe5
{[%clk 00:42:42]} {[%emt 00:10:55]} dxe4 {[%clk 00:59:04]} {[%emt 00:00:05]} 20.
Bxe4 {[%clk 00:37:15]} {[%emt 00:05:57]} Rxf2 {[%clk 00:59:28]} {[%emt
00:00:05]} 21. Raf1 {[%clk 00:35:40]} {[%emt 00:02:05]} Rxf1 {[%clk 00:59:30]}
{[%emt 00:00:28]} 22. Rxf1 {[%clk 00:36:05]} {[%emt 00:00:05]} Be6 {[%clk
00:57:19]} {[%emt 00:02:40]} 23. Bc2 {[%clk 00:33:57]} {[%emt 00:02:39]} Rf8
{[%clk 00:55:50]} {[%emt 00:01:59]} 24. Bh7+ {[%clk 00:34:17]} {[%emt
00:00:10]} 1-0